[Event "World Chess Olympiad 2018"]
[Site "Batumi"]
[Date "2018.10.04"]
[Round "10"]
[Board "3"]
[WhiteFideId "15200051"]
[White "Eichab Charles"]
[BlackFideId "16400119"]
[Black "Chipanga Chiletso"]
[Result "1/2-1/2"]
[LiveChessVersion "1.4.8"]
[BlackElo "2153"]
[WhiteElo "2016"]

1. b3 {[%clk 1:30:46]} e5 {[%clk 1:30:37]} 2. Bb2 {[%clk 1:31:08]} Nc6
{[%clk 1:30:47]} 3. e3 {[%clk 1:31:26]} d5 {[%clk 1:31:09]} 4. Bb5
{[%clk 1:31:38]} Bd6 {[%clk 1:31:23]} 5. f4 {[%clk 1:32:00]} Qe7 {[%clk 1:29:29]}
6. Nf3 {[%clk 1:30:32]} f6 {[%clk 1:29:42]} 7. Nc3 {[%clk 1:25:40]} Be6
{[%clk 1:29:14]} 8. Qe2 {[%clk 1:25:11]} a6 {[%clk 1:28:52]} 9. Bxc6+
{[%clk 1:20:11]} bxc6 {[%clk 1:29:00]} 10. Na4 {[%clk 1:07:56]} Bg4
{[%clk 1:27:33]} 11. h3 {[%clk 1:08:02]} Bh5 {[%clk 1:25:47]} 12. g4
{[%clk 1:04:22]} Bg6 {[%clk 1:26:02]} 13. f5 {[%clk 1:02:57]} Bf7
{[%clk 1:23:15]} 14. O-O-O {[%clk 0:59:15]} c5 {[%clk 1:20:20]} 15. d3
{[%clk 0:44:57]} d4 {[%clk 1:17:58]} 16. exd4 {[%clk 0:41:58]} cxd4
{[%clk 1:17:45]} 17. Qe4 {[%clk 0:38:54]} Ra7 {[%clk 1:18:07]} 18. Rhe1
{[%clk 0:37:21]} c5 {[%clk 1:14:49]} 19. Ba3 {[%clk 0:36:24]} Qc7
{[%clk 1:14:49]} 20. c4 {[%clk 0:28:55]} Ne7 {[%clk 1:10:30]} 21. Nd2
{[%clk 0:27:46]} O-O {[%clk 1:10:35]} 22. Qg2 {[%clk 0:27:26]} Be8
{[%clk 1:10:58]} 23. Ne4 {[%clk 0:17:26]} Bxa4 {[%clk 1:10:40]} 24. bxa4
{[%clk 0:17:55]} Rb8 {[%clk 1:10:40]} 25. Qc2 {[%clk 0:14:52]} Rab7
{[%clk 1:10:27]} 26. Kd2 {[%clk 0:14:08]} Nc6 {[%clk 1:10:17]} 27. Rb1
{[%clk 0:13:21]} Bf8 {[%clk 1:08:30]} 28. Ke2 {[%clk 0:13:12]} Nd8
{[%clk 1:06:06]} 29. Rxb7 {[%clk 0:11:23]} Qxb7 {[%clk 1:06:25]} 30. Rg1
{[%clk 0:10:19]} Nf7 {[%clk 1:05:45]} 31. Bc1 {[%clk 0:07:59]} Qb1
{[%clk 1:04:47]} 32. Qxb1 {[%clk 0:06:15]} Rxb1 {[%clk 1:05:15]} 33. Rd1
{[%clk 0:06:22]} Ra1 {[%clk 1:02:49]} 34. a3 {[%clk 0:05:04]} Rb1
{[%clk 1:02:10]} 35. Kd2 {[%clk 0:05:03]} Be7 {[%clk 0:57:22]} 36. Kc2
{[%clk 0:05:03]} Rb7 {[%clk 0:57:45]} 37. Bd2 {[%clk 0:05:13]} g6
{[%clk 0:57:59]} 38. Rf1 {[%clk 0:05:00]} g5 {[%clk 0:56:27]} 39. Ba5
{[%clk 0:01:13]} h5 {[%clk 0:53:31]} 40. Rb1 {[%clk 0:30:50]} Rxb1
{[%clk 1:23:54]} 41. Kxb1 {[%clk 0:30:57]} hxg4 {[%clk 1:24:13]} 42. hxg4
{[%clk 0:28:40]} Nh6 {[%clk 1:24:26]} 43. Nf2 {[%clk 0:28:51]} Kf7
{[%clk 1:23:01]} 44. Kc2 {[%clk 0:26:02]} Ke8 {[%clk 1:22:07]} 45. Kd1
{[%clk 0:25:02]} Kd7 {[%clk 1:21:38]} 46. Ke2 {[%clk 0:25:05]} Nf7
{[%clk 1:21:38]} 47. Ne4 {[%clk 0:24:48]} Kc6 {[%clk 1:21:59]} 48. Kf3
{[%clk 0:24:26]} Nh6 {[%clk 1:17:53]} 49. Nf2 {[%clk 0:22:39]} Nf7
{[%clk 1:17:02]} 50. Ne4 {[%clk 0:23:01]} Kb7 {[%clk 1:16:30]} 51. Ke2
{[%clk 0:22:48]} Kc6 {[%clk 1:14:28]} 52. Kf3 {[%clk 0:23:16]} Kb7
{[%clk 1:11:39]} 53. Ke2 {[%clk 0:19:46]} 1/2-1/2

[Event "World Chess Olympiad 2018"]
[Site "Batumi"]
[Date "2018.10.04"]
[Round "10"]
[Board "4"]
[WhiteFideId "16400135"]
[White "Mwale Joseph"]
[BlackFideId "15200523"]
[Black "Gariseb Immanuel"]
[Result "1-0"]
[LiveChessVersion "1.4.8"]
[BlackElo "1820"]
[WhiteElo "2231"]

1. d4 {[%clk 1:30:58]} d5 {[%clk 1:30:53]} 2. Nc3 {[%clk 1:31:25]} Nf6
{[%clk 1:31:13]} 3. Bg5 {[%clk 1:31:51]} c6 {[%clk 1:31:28]} 4. Nf3
{[%clk 1:32:12]} Nbd7 {[%clk 1:31:27]} 5. Qd2 {[%clk 1:32:12]} h6
{[%clk 1:30:59]} 6. Bf4 {[%clk 1:32:01]} e6 {[%clk 1:30:10]} 7. Ne5
{[%clk 1:32:05]} Bb4 {[%clk 1:29:16]} 8. f3 {[%clk 1:32:21]} Nxe5
{[%clk 1:16:44]} 9. Bxe5 {[%clk 1:32:29]} Bd7 {[%clk 1:15:19]} 10. g4
{[%clk 1:31:57]} Rc8 {[%clk 1:09:31]} 11. a3 {[%clk 1:29:46]} Qa5
{[%clk 1:09:15]} 12. Bg2 {[%clk 1:28:10]} c5 {[%clk 1:06:21]} 13. O-O
{[%clk 1:24:19]} cxd4 {[%clk 1:01:47]} 14. axb4 {[%clk 1:24:29]} dxc3
{[%clk 1:02:08]} 15. bxc3 {[%clk 1:24:22]} Qb6+ {[%clk 1:01:17]} 16. Bd4
{[%clk 1:24:32]} Qc7 {[%clk 1:01:23]} 17. Rxa7 {[%clk 1:24:49]} e5
{[%clk 0:50:35]} 18. Bc5 {[%clk 1:24:59]} Be6 {[%clk 0:49:14]} 19. Qd3
{[%clk 1:21:46]} Qc6 {[%clk 0:47:48]} 20. f4 {[%clk 1:08:02]} Nd7
{[%clk 0:40:58]} 21. Be3 {[%clk 1:03:02]} exf4 {[%clk 0:39:56]} 22. Bd4
{[%clk 0:55:56]} O-O {[%clk 0:36:10]} 23. Rxf4 {[%clk 0:56:25]} Qc7
{[%clk 0:36:28]} 24. Qg3 {[%clk 0:54:21]} Ne5 {[%clk 0:31:44]} 25. g5
{[%clk 0:51:54]} Ng6 {[%clk 0:31:18]} 26. Rf1 {[%clk 0:50:59]} Qxg3
{[%clk 0:25:48]} 27. hxg3 {[%clk 0:51:27]} Rc7 {[%clk 0:22:39]} 28. gxh6
{[%clk 0:51:01]} gxh6 {[%clk 0:23:07]} 29. e4 {[%clk 0:51:10]} dxe4
{[%clk 0:18:10]} 30. Bxe4 {[%clk 0:51:32]} Bc8 {[%clk 0:18:19]} 31. Rf6
{[%clk 0:51:17]} Kh7 {[%clk 0:17:09]} 32. Bxg6+ 1-0

[Event "World Chess Olympiad 2018"]
[Site "Batumi"]
[Date "2018.10.04"]
[Round "10"]
[Board "1"]
[WhiteFideId "15700356"]
[White "Altaye Girum Teklewold"]
[BlackFideId "19700261"]
[Black "Drayton Anthony"]
[Result "1-0"]
[LiveChessVersion "1.4.8"]
[BlackElo "2024"]
[WhiteElo "1986"]

1. e4 {[%clk 1:30:53]} c5 {[%clk 1:30:42]} 2. Nf3 {[%clk 1:31:14]} e6
{[%clk 1:31:04]} 3. d4 {[%clk 1:31:09]} cxd4 {[%clk 1:31:25]} 4. Nxd4
{[%clk 1:31:25]} Nf6 {[%clk 1:31:46]} 5. Bd3 {[%clk 1:31:35]} Nc6
{[%clk 1:32:03]} 6. Nxc6 {[%clk 1:31:51]} bxc6 {[%clk 1:32:21]} 7. c4
{[%clk 1:32:11]} Bb4+ {[%clk 1:30:12]} 8. Nd2 {[%clk 1:31:27]} Qc7
{[%clk 1:29:48]} 9. O-O {[%clk 1:31:06]} O-O {[%clk 1:30:07]} 10. h3
{[%clk 1:31:17]} d5 {[%clk 1:28:50]} 11. Qc2 {[%clk 1:24:47]} Ba6
{[%clk 1:22:00]} 12. a3 {[%clk 1:23:27]} Bd6 {[%clk 1:19:15]} 13. b4
{[%clk 1:23:03]} c5 {[%clk 1:08:03]} 14. b5 {[%clk 1:21:17]} Bb7 {[%clk 1:06:39]}
15. exd5 {[%clk 1:17:52]} exd5 {[%clk 1:06:58]} 16. cxd5 {[%clk 1:17:51]} Bxd5
{[%clk 1:07:13]} 17. Nc4 {[%clk 1:17:01]} Bh2+ {[%clk 1:07:08]} 18. Kh1
{[%clk 1:16:34]} Bf4 {[%clk 1:05:28]} 19. Bxf4 {[%clk 1:11:51]} Qxf4
{[%clk 1:05:46]} 20. Ne3 {[%clk 1:11:20]} Be4 {[%clk 1:03:34]} 21. Bxe4
{[%clk 1:03:35]} Nxe4 {[%clk 1:03:45]} 22. Kg1 {[%clk 1:03:47]} Rad8
{[%clk 1:03:28]} 23. Rad1 {[%clk 1:02:25]} Rd4 {[%clk 1:01:12]} 24. Rxd4
{[%clk 0:55:45]} cxd4 {[%clk 1:01:32]} 25. Nd5 {[%clk 0:55:22]} Qe5
{[%clk 1:01:46]} 26. Nb4 {[%clk 0:55:31]} Nc3 {[%clk 1:01:48]} 27. a4 Qc5 28. Qb3
{[%clk 0:54:37]} h6 {[%clk 1:00:45]} 29. Re1 {[%clk 0:54:36]} Rc8
{[%clk 0:57:23]} 30. Nc6 {[%clk 0:54:19]} d3 {[%clk 0:52:12]} 31. Ne7+
{[%clk 0:52:33]} Kf8 {[%clk 0:50:35]} 32. Nxc8 {[%clk 0:50:52]} d2
{[%clk 0:50:54]} 33. Rf1 {[%clk 0:51:01]} Qxc8 {[%clk 0:49:49]} 34. Qb4+
{[%clk 0:51:14]} Ke8 {[%clk 0:40:37]} 35. Qd6 {[%clk 0:47:28]} Qd7
{[%clk 0:40:31]} 36. Qe5+ {[%clk 0:45:59]} Kf8 {[%clk 0:40:34]} 37. Qc5+
{[%clk 0:45:46]} Kg8 {[%clk 0:40:50]} 38. Qxc3 d1=Q {[%clk 0:41:12]} 39. Rxd1
{[%clk 0:45:31]} Qxd1+ {[%clk 1:11:30]} 40. Kh2 {[%clk 1:14:41]} Qxa4
{[%clk 1:11:17]} 41. Qc8+ {[%clk 1:15:00]} Kh7 {[%clk 1:11:29]} 42. Qf5+ Kg8 43.
g3 {[%clk 1:14:29]} Qa2 {[%clk 1:11:07]} 44. Kg2 {[%clk 1:14:37]} g6
{[%clk 1:11:10]} 45. Qe5 {[%clk 1:14:50]} h5 {[%clk 1:11:01]} 46. h4
{[%clk 1:14:57]} Kf8 {[%clk 1:11:19]} 47. Kf3 {[%clk 1:12:14]} Qa4
{[%clk 1:07:59]} 48. Ke3 {[%clk 1:11:02]} Qb3+ {[%clk 1:08:03]} 49. Kf4
{[%clk 1:08:03]} Qc4+ {[%clk 1:07:30]} 50. Kg5 {[%clk 1:07:18]} Qc1+
{[%clk 1:06:55]} 51. f4 {[%clk 1:07:26]} Qd1 {[%clk 1:05:36]} 52. Kh6
{[%clk 1:03:52]} Qd7 {[%clk 1:05:22]} 53. f5 {[%clk 1:00:38]} gxf5
{[%clk 1:04:53]} 54. Kxh5 {[%clk 0:59:59]} Qd1+ {[%clk 1:04:22]} 55. Kh6
{[%clk 0:59:15]} Qd3 {[%clk 1:00:35]} 56. Qb8+ {[%clk 0:58:50]} Ke7
{[%clk 1:00:47]} 57. Qxa7+ {[%clk 0:58:56]} Ke6 {[%clk 1:00:07]} 58. Qb6+
{[%clk 0:58:52]} Ke5 {[%clk 0:56:37]} 59. Qb8+ {[%clk 0:57:44]} Ke6
{[%clk 0:55:01]} 60. b6 {[%clk 0:55:51]} Qe3+ {[%clk 0:42:56]} 61. Kh7
{[%clk 0:54:24]} Qd3 {[%clk 0:36:44]} 62. Qf4 {[%clk 0:50:52]} f6
{[%clk 0:37:01]} 63. Kg6 {[%clk 0:48:45]} Qb5 {[%clk 0:28:56]} 64. Qe3+
{[%clk 0:48:59]} Kd7 {[%clk 0:28:17]} 65. Qd4+ {[%clk 0:46:37]} Ke8
{[%clk 0:26:50]} 66. Qxf6 {[%clk 0:46:35]} Qb3 {[%clk 0:26:41]} 67. Qc6+
{[%clk 0:45:33]} Kf8 {[%clk 0:26:36]} 68. Qc8+ {[%clk 0:45:13]} Ke7
{[%clk 0:26:58]} 69. Qc7+ {[%clk 0:45:33]} Kf8 {[%clk 0:27:09]} 1-0

[Event "World Chess Olympiad 2018"]
[Site "Batumi"]
[Date "2018.10.04"]
[Round "10"]
[Board "2"]
[WhiteFideId "19700024"]
[White "Khan Taffin"]
[BlackFideId "15700739"]
[Black "Ghebrehiwet Haftom Ghebremedhn"]
[Result "1-0"]
[LiveChessVersion "1.4.8"]
[BlackElo "1979"]
[WhiteElo "1900"]

1. e4 {[%clk 1:30:56]} c5 {[%clk 1:30:39]} 2. Nf3 {[%clk 1:31:20]} g6
{[%clk 1:31:05]} 3. c4 {[%clk 1:31:06]} Bg7 {[%clk 1:31:30]} 4. Nc3
{[%clk 1:31:24]} Nc6 {[%clk 1:31:39]} 5. g3 {[%clk 1:31:40]} d6 {[%clk 1:29:01]}
6. Bg2 {[%clk 1:26:02]} Rb8 {[%clk 1:29:20]} 7. d3 {[%clk 1:26:04]} Bd7
{[%clk 1:29:02]} 8. O-O {[%clk 1:26:22]} a6 {[%clk 1:29:07]} 9. Bd2
{[%clk 1:25:21]} b5 {[%clk 1:29:16]} 10. Rb1 {[%clk 1:25:09]} b4 {[%clk 1:27:50]}
11. Nd5 {[%clk 1:24:39]} a5 {[%clk 1:26:56]} 12. Qc1 {[%clk 1:24:07]} a4
{[%clk 1:26:57]} 13. Be3 {[%clk 1:19:57]} e6 {[%clk 1:24:57]} 14. Nf4
{[%clk 1:20:11]} Nge7 {[%clk 1:22:01]} 15. Ne2 {[%clk 1:20:23]} O-O
{[%clk 1:22:12]} 16. d4 {[%clk 1:17:03]} cxd4 {[%clk 1:17:40]} 17. Nfxd4
{[%clk 1:17:06]} Ne5 {[%clk 1:17:27]} 18. h3 {[%clk 1:16:01]} Qc7
{[%clk 1:16:01]} 19. b3 {[%clk 1:16:07]} Nd3 {[%clk 1:14:39]} 20. Qd2
{[%clk 1:16:24]} Nc5 {[%clk 1:14:42]} 21. bxa4 {[%clk 1:13:35]} Nxa4
{[%clk 1:14:57]} 22. Rxb4 {[%clk 1:13:40]} Rxb4 {[%clk 1:15:08]} 23. Qxb4
{[%clk 1:13:54]} Rb8 {[%clk 1:15:31]} 24. Nb5 {[%clk 1:13:58]} Bxb5
{[%clk 1:14:11]} 25. cxb5 {[%clk 1:14:15]} Nc5 {[%clk 1:12:21]} 26. Rc1
{[%clk 1:07:49]} Nc6 {[%clk 1:12:23]} 27. Rxc5 {[%clk 1:02:10]} dxc5
{[%clk 1:12:30]} 28. Qxc5 {[%clk 1:02:29]} Rc8 {[%clk 1:07:53]} 29. e5
{[%clk 1:01:57]} Nb8 {[%clk 0:55:02]} 30. Qxc7 {[%clk 1:01:10]} Rxc7
{[%clk 0:55:27]} 31. a4 {[%clk 1:01:30]} Bxe5 {[%clk 0:48:41]} 32. a5
{[%clk 1:01:26]} Rc2 {[%clk 0:48:39]} 33. a6 {[%clk 1:01:04]} Nxa6
{[%clk 0:48:33]} 34. bxa6 {[%clk 1:01:25]} Bb8 {[%clk 0:48:47]} 35. Nd4
{[%clk 1:01:38]} Ra2 {[%clk 0:47:11]} 36. Bb7 {[%clk 1:01:57]} Ba7
{[%clk 0:46:49]} 37. Nc6 {[%clk 1:02:17]} Bxe3 {[%clk 0:47:08]} 38. fxe3
{[%clk 1:02:37]} Kg7 {[%clk 0:46:29]} 39. a7 {[%clk 1:02:59]} f5 {[%clk 0:46:42]}
40. a8=B {[%clk 1:33:13]} Rxa8 {[%clk 1:17:09]} 41. Bxa8 {[%clk 1:33:34]} Kf6
{[%clk 1:17:31]} 42. Kf2 {[%clk 1:33:43]} e5 {[%clk 1:17:34]} 43. Nb4
{[%clk 1:33:58]} g5 {[%clk 1:17:45]} 44. e4 {[%clk 1:33:34]} h5 {[%clk 1:17:41]}
45. Nd5+ {[%clk 1:33:12]} Ke6 46. exf5+ {[%clk 1:33:21]} Kxf5 {[%clk 1:18:11]}
47. Ne3+ {[%clk 1:33:48]} Kf6 {[%clk 1:18:16]} 48. Kf3 {[%clk 1:34:05]} Ke6 49.
Ke4 {[%clk 1:34:23]} Kf6 {[%clk 1:17:02]} 50. Bd5 {[%clk 1:34:32]} h4
{[%clk 1:17:14]} 51. g4 {[%clk 1:34:51]} Kg6 {[%clk 1:17:16]} 52. Kxe5
{[%clk 1:35:06]} Kg7 {[%clk 1:17:32]} 53. Kf5 {[%clk 1:35:08]} Kh6
{[%clk 1:17:57]} 54. Be6 {[%clk 1:35:24]} Kg7 {[%clk 1:17:56]} 55. Kxg5
{[%clk 1:35:28]} Kh7 {[%clk 1:18:19]} 56. Kf6 {[%clk 1:35:18]} Kh6
{[%clk 1:17:46]} 57. g5+ {[%clk 1:35:36]} Kh5 {[%clk 1:18:05]} 58. Bf7#
{[%clk 1:35:51]} 1-0

[Event "World Chess Olympiad 2018"]
[Site "Batumi"]
[Date "2018.10.04"]
[Round "10"]
[Board "3"]
[WhiteFideId "15702391"]
[White "Tilahun Abel Mathewos"]
[BlackFideId "19700083"]
[Black "Nathoo Loris"]
[Result "0-1"]
[LiveChessVersion "1.4.8"]
[BlackElo "1665"]
[WhiteElo "2015"]

1. c4 {[%clk 1:30:55]} e5 {[%clk 1:28:30]} 2. Nc3 {[%clk 1:31:14]} Nf6
{[%clk 1:24:54]} 3. g3 {[%clk 1:31:30]} Bb4 {[%clk 1:18:50]} 4. Bg2
{[%clk 1:31:47]} Bxc3 {[%clk 1:18:34]} 5. bxc3 {[%clk 1:32:08]} O-O
{[%clk 1:18:37]} 6. d3 {[%clk 1:32:08]} d6 {[%clk 1:13:30]} 7. Nf3
{[%clk 1:32:03]} Nbd7 {[%clk 1:12:28]} 8. O-O {[%clk 1:32:22]} Rb8
{[%clk 1:08:16]} 9. a4 {[%clk 1:30:57]} a5 {[%clk 1:07:55]} 10. e4
{[%clk 1:28:43]} h6 {[%clk 1:03:06]} 11. h3 {[%clk 1:28:43]} b6 {[%clk 0:49:21]}
12. Be3 {[%clk 1:28:07]} Re8 {[%clk 0:46:05]} 13. Nh4 {[%clk 1:25:47]} Nf8
{[%clk 0:40:21]} 14. Nf5 {[%clk 1:25:26]} Kh7 {[%clk 0:34:03]} 15. f4
{[%clk 1:23:49]} exf4 {[%clk 0:29:55]} 16. Rxf4 {[%clk 1:22:50]} Ng6
{[%clk 0:26:49]} 17. Rf2 {[%clk 1:21:42]} Be6 {[%clk 0:15:58]} 18. Qe2
{[%clk 1:19:49]} Ng8 {[%clk 0:12:20]} 19. Raf1 {[%clk 1:17:19]} N6e7
{[%clk 0:11:12]} 20. Nd4 {[%clk 1:15:03]} Qd7 {[%clk 0:10:10]} 21. Kh2
{[%clk 1:13:35]} f6 {[%clk 0:08:17]} 22. Qh5 {[%clk 1:11:10]} Ng6
{[%clk 0:07:40]} 23. e5 {[%clk 0:57:07]} Nxe5 {[%clk 0:05:31]} 24. Be4+
{[%clk 0:56:26]} Kh8 {[%clk 0:03:43]} 25. Nxe6 {[%clk 0:48:50]} Qxe6
{[%clk 0:03:31]} 26. Bxh6 {[%clk 0:37:14]} Qf7 {[%clk 0:01:55]} 27. Bxg7+
{[%clk 0:36:31]} Kxg7 {[%clk 0:02:23]} 28. Qh7+ {[%clk 0:36:38]} Kf8
{[%clk 0:02:53]} 29. Qh4 {[%clk 0:30:47]} Ke7 {[%clk 0:01:55]} 30. Bd5
{[%clk 0:27:26]} Qg7 {[%clk 0:02:11]} 31. d4 {[%clk 0:25:09]} Ng6
{[%clk 0:01:55]} 32. Qg4 {[%clk 0:22:15]} Kd8 {[%clk 0:01:55]} 33. Bc6
{[%clk 0:17:28]} Re7 {[%clk 0:01:47]} 34. c5 {[%clk 0:13:03]} bxc5
{[%clk 0:02:03]} 35. dxc5 {[%clk 0:13:04]} Ne5 {[%clk 0:02:18]} 36. Qe4
{[%clk 0:12:27]} Nxc6 {[%clk 0:02:24]} 37. Qxc6 {[%clk 0:12:35]} Re3
{[%clk 0:02:21]} 38. Rg1 {[%clk 0:10:41]} Rxc3 {[%clk 0:02:19]} 39. Rd2
{[%clk 0:06:41]} Qd7 {[%clk 0:01:49]} 40. Qd5 {[%clk 0:35:33]} Ne7
{[%clk 0:31:49]} 41. Qf7 {[%clk 0:31:32]} Rxc5 {[%clk 0:26:56]} 42. Qf8+
{[%clk 0:28:55]} Qe8 {[%clk 0:25:41]} 43. Qxf6 {[%clk 0:29:21]} Rf5
{[%clk 0:24:31]} 44. Qc3 {[%clk 0:26:26]} Qf8 {[%clk 0:22:34]} 45. Rgg2
{[%clk 0:25:33]} Qf6 {[%clk 0:18:05]} 46. Qc1 {[%clk 0:20:15]} Rf1
{[%clk 0:18:23]} 47. Qa3 {[%clk 0:16:03]} Rbb1 {[%clk 0:18:11]} 48. g4
{[%clk 0:13:49]} Qf4+ {[%clk 0:18:09]} 49. Rg3 {[%clk 0:12:17]} Rh1+
{[%clk 0:18:27]} 0-1

[Event "World Chess Olympiad 2018"]
[Site "Batumi"]
[Date "2018.10.04"]
[Round "10"]
[Board "4"]
[WhiteFideId "19700130"]
[White "Corlette Glenford"]
[BlackFideId "10801839"]
[Black "Abera Aydagnuhem Gezachew"]
[Result "1-0"]
[LiveChessVersion "1.4.8"]
[BlackElo "2116"]
[WhiteElo "1653"]

1. e4 {[%clk 1:30:57]} e5 {[%clk 1:30:47]} 2. Nf3 {[%clk 1:31:11]} Nc6
{[%clk 1:30:58]} 3. Bc4 {[%clk 1:30:58]} Nd4 {[%clk 1:30:28]} 4. O-O
{[%clk 1:22:59]} Nxf3+ {[%clk 1:29:51]} 5. Qxf3 {[%clk 1:23:24]} Nf6
{[%clk 1:30:06]} 6. d3 {[%clk 1:22:52]} d6 {[%clk 1:29:58]} 7. h3
{[%clk 1:22:36]} Be7 {[%clk 1:29:58]} 8. Nc3 {[%clk 1:21:52]} c6 {[%clk 1:30:02]}
9. Bd2 {[%clk 1:18:51]} a5 {[%clk 1:29:06]} 10. a4 {[%clk 1:18:23]} O-O
{[%clk 1:25:53]} 11. Qe2 {[%clk 1:15:43]} Be6 {[%clk 1:25:27]} 12. f4
{[%clk 1:13:08]} Bxc4 {[%clk 1:22:18]} 13. dxc4 {[%clk 1:13:34]} Nd7
{[%clk 1:21:33]} 14. f5 {[%clk 1:12:11]} Nc5 {[%clk 1:14:34]} 15. Kh1
{[%clk 1:11:58]} Bg5 {[%clk 1:09:39]} 16. Rad1 {[%clk 1:10:31]} Be7
{[%clk 1:05:19]} 17. Qg4 {[%clk 1:08:08]} f6 {[%clk 1:01:44]} 18. Be3
{[%clk 1:06:38]} Na6 {[%clk 1:00:01]} 19. Ne2 {[%clk 1:01:28]} Qc7
{[%clk 0:57:23]} 20. Ng3 {[%clk 1:00:08]} Rf7 {[%clk 0:55:33]} 21. c3
{[%clk 0:57:03]} Rb8 {[%clk 0:54:55]} 22. h4 {[%clk 0:55:39]} b5 {[%clk 0:51:41]}
23. cxb5 {[%clk 0:53:36]} cxb5 {[%clk 0:51:51]} 24. axb5 {[%clk 0:51:49]} Rxb5
{[%clk 0:52:07]} 25. Bc1 {[%clk 0:47:57]} Qc4 {[%clk 0:50:38]} 26. h5
{[%clk 0:46:44]} Nc5 {[%clk 0:49:44]} 27. Rf2 {[%clk 0:27:07]} d5
{[%clk 0:42:51]} 28. Re2 {[%clk 0:20:44]} Nd3 {[%clk 0:38:57]} 29. Red2
{[%clk 0:19:09]} Nxc1 {[%clk 0:33:01]} 30. Rxc1 {[%clk 0:19:35]} Bf8
{[%clk 0:30:17]} 31. Qf3 {[%clk 0:18:18]} Rfb7 {[%clk 0:24:27]} 32. Rcc2
{[%clk 0:14:53]} Bc5 {[%clk 0:21:24]} 33. Rxd5 {[%clk 0:09:57]} Rxb2
{[%clk 0:20:58]} 34. Rxb2 {[%clk 0:09:06]} Rxb2 {[%clk 0:19:14]} 35. h6
{[%clk 0:08:34]} Rb7 {[%clk 0:10:18]} 36. Nh5 {[%clk 0:07:53]} Bf8
{[%clk 0:06:39]} 37. Rd8 {[%clk 0:06:19]} Kf7 {[%clk 0:03:56]} 38. Nxg7
{[%clk 0:03:20]} Qc6 {[%clk 0:01:24]} 39. Qh5+ {[%clk 0:02:32]} Ke7
{[%clk 0:00:48]} 40. Re8+ {[%clk 0:30:59]} Kd6 {[%clk 0:30:43]} 41. Re6+
{[%clk 0:29:25]} Kc7 {[%clk 0:30:16]} 42. Rxc6+ {[%clk 0:29:41]} Kxc6
{[%clk 0:30:20]} 43. Qe8+ {[%clk 0:29:58]} Kb6 {[%clk 0:30:19]} 44. Qxf8
{[%clk 0:30:11]} Kb5 {[%clk 0:30:01]} 45. Qe8+ {[%clk 0:29:31]} Ka6
{[%clk 0:29:08]} 46. Ne6 {[%clk 0:29:10]} Kb6 {[%clk 0:28:55]} 47. c4
{[%clk 0:28:47]} Ra7 {[%clk 0:28:15]} 48. Qb5# {[%clk 0:28:07]} 1-0

[Event "World Chess Olympiad 2018"]
[Site "Batumi"]
[Date "2018.10.04"]
[Round "10"]
[Board "1"]
[WhiteFideId "7700768"]
[White "Johnson Joshua"]
[BlackFideId "21500150"]
[Black "Al Ghamdi Ahmed M"]
[Result "1-0"]
[LiveChessVersion "1.4.8"]
[BlackElo "2126"]
[WhiteElo "2261"]

1. e4 {[%clk 1:30:58]} e5 {[%clk 1:30:02]} 2. Nf3 {[%clk 1:31:24]} Nc6
{[%clk 1:30:15]} 3. Bc4 {[%clk 1:31:51]} Nf6 {[%clk 1:30:36]} 4. d3
{[%clk 1:32:17]} Be7 {[%clk 1:31:00]} 5. O-O {[%clk 1:32:43]} O-O
{[%clk 1:31:25]} 6. Re1 {[%clk 1:33:10]} d6 {[%clk 1:31:45]} 7. a4
{[%clk 1:33:37]} Kh8 {[%clk 1:31:57]} 8. c3 {[%clk 1:33:32]} Ng8 {[%clk 1:31:55]}
9. a5 {[%clk 1:32:48]} a6 {[%clk 1:32:17]} 10. Qb3 {[%clk 1:24:09]} f5
{[%clk 1:10:17]} 11. exf5 {[%clk 1:21:56]} Rxf5 {[%clk 1:10:27]} 12. Be3
{[%clk 1:14:40]} e4 {[%clk 0:55:43]} 13. dxe4 {[%clk 1:12:58]} Rxa5
{[%clk 0:55:18]} 14. Na3 {[%clk 1:13:15]} Ne5 {[%clk 0:52:30]} 15. Nxe5
{[%clk 1:05:59]} Rxe5 {[%clk 0:52:09]} 16. f4 {[%clk 1:05:12]} Ra5
{[%clk 0:47:27]} 17. Qc2 {[%clk 0:58:23]} Nf6 {[%clk 0:45:22]} 18. b4
{[%clk 0:53:35]} Rh5 {[%clk 0:45:06]} 19. Be2 {[%clk 0:43:27]} Bg4
{[%clk 0:41:21]} 20. Bd3 {[%clk 0:31:18]} Bd7 {[%clk 0:38:36]} 21. h3
{[%clk 0:25:05]} Bc6 {[%clk 0:35:07]} 22. Nc4 {[%clk 0:24:39]} Qc8
{[%clk 0:33:39]} 23. Na5 {[%clk 0:18:47]} Bd7 {[%clk 0:33:36]} 24. Be2
{[%clk 0:18:33]} Rh4 {[%clk 0:33:32]} 25. Bf3 {[%clk 0:18:35]} c6
{[%clk 0:21:11]} 26. f5 {[%clk 0:16:35]} d5 {[%clk 0:20:51]} 27. Bg5
{[%clk 0:15:58]} Rxe4 {[%clk 0:19:37]} 28. Bxe4 {[%clk 0:16:20]} dxe4
{[%clk 0:20:05]} 29. Nc4 {[%clk 0:15:18]} Qc7 {[%clk 0:17:13]} 30. Qf2
{[%clk 0:15:42]} Rf8 {[%clk 0:12:46]} 31. Rad1 {[%clk 0:12:14]} c5
{[%clk 0:05:47]} 32. Bf4 {[%clk 0:09:58]} Qc6 {[%clk 0:05:02]} 33. Ne5
{[%clk 0:09:08]} Qc8 {[%clk 0:04:57]} 34. Nxd7 {[%clk 0:06:24]} Nxd7
{[%clk 0:05:24]} 35. Rxe4 {[%clk 0:06:19]} Bf6 {[%clk 0:05:39]} 36. Bd6
{[%clk 0:06:25]} Rg8 {[%clk 0:05:49]} 37. bxc5 {[%clk 0:06:09]} Qc6
{[%clk 0:05:53]} 38. Re6 {[%clk 0:06:08]} Qa4 {[%clk 0:06:09]} 39. Qe2
{[%clk 0:04:47]} h6 {[%clk 0:04:18]} 40. Rb1 {[%clk 0:32:44]} Bxc3
{[%clk 0:33:50]} 41. Rxb7 {[%clk 0:31:29]} Qd4+ {[%clk 0:27:55]} 42. Kh2
{[%clk 0:31:24]} Nxc5 {[%clk 0:27:44]} 43. Be5 {[%clk 0:24:15]} Qxe5+
{[%clk 0:21:54]} 44. Rxe5 {[%clk 0:24:41]} Bxe5+ {[%clk 0:22:06]} 45. Qxe5
{[%clk 0:25:07]} Nxb7 {[%clk 0:22:29]} 46. Qc7 {[%clk 0:25:12]} Nd8
{[%clk 0:22:44]} 47. g4 {[%clk 0:25:18]} Rf8 {[%clk 0:21:31]} 48. Kg3
{[%clk 0:21:28]} Nf7 {[%clk 0:21:12]} 49. h4 {[%clk 0:21:40]} Kg8
{[%clk 0:20:38]} 50. Qc4 {[%clk 0:21:20]} Kh8 {[%clk 0:19:36]} 51. Qxa6
{[%clk 0:20:25]} Rb8 {[%clk 0:18:48]} 52. Qe6 {[%clk 0:20:22]} Rf8
{[%clk 0:18:02]} 53. Kf4 {[%clk 0:19:08]} Kg8 {[%clk 0:15:41]} 54. g5
{[%clk 0:17:17]} hxg5+ {[%clk 0:15:47]} 55. hxg5 {[%clk 0:17:44]} Kh8
{[%clk 0:15:25]} 56. Kg4 {[%clk 0:13:34]} Nd8 {[%clk 0:12:10]} 57. Qe7
{[%clk 0:13:05]} Kg8 {[%clk 0:12:38]} 58. g6 {[%clk 0:13:07]} Nf7
{[%clk 0:09:40]} 59. Qe6 {[%clk 0:13:22]} Rd8 {[%clk 0:08:41]} 60. Qxf7+
{[%clk 0:13:20]} Kh8 {[%clk 0:09:10]} 61. f6 {[%clk 0:11:54]} 1-0